Города по Фото — Ч - Statistics

General Stats
  • This quiz has been taken 20 times
  • The average score is 2 of 10
Answer Stats
Picture Hint Answer % Correct
Чикаго
81%
Челябинск
81%
Чунцин
38%
Чэнду
13%
Чиангмай
13%
Церматт
0%
Цхинвал
0%
Страна: Черногория Цетине
0%
Цфат
0%
Цхалтубо
0%
No matching quizzes found
Score Distribution
Percent of People with Each Score
Percentile by Number Answered
Your Score History
You have not taken this quiz